00497nam a2200133Ia 45000010005000000080041000050820024000461000061000702450157001312600024002885900007003129010029003199990015003482599241024s9999 xx 000 0 und d aRD/025.2/R426p/2010 aRepública Dominicana. Ministerio de Educación MINERD 0aPIM-Aprende Programa de Multimedia para el Aprendizaje. Videoteca del portal multimedial del PIM-Aprende para apoyar el proceso de aprendizaje 1000x1000 bSanto Domingoc2010 asi a28/11/2012 10:21:24 a.m. c9982d9982